Loading...
| History - Other | 0 | 5 | 0 | 1 | 50 | 11 | 58.20 | 1 | 2 | 0.00 | 0.00 |
| History - World | 0 | 5 | 0 | 0 | 50 | 10 | 44.80 | 2 | 4 | 0.00 | 0.00 |
| History - European | 0 | 5 | 1 | 0 | 45 | 9 | 49.80 | 1 | 3 | 0.00 | 0.00 |
| Painting/Sculpture | 0 | 5 | 2 | 0 | 40 | 71 | 85.60 | 0 | 4 | 0.00 | 0.00 |
| Fine Arts - Other | 0 | 4 | 0 | 1 | 40 | 57 | 97.75 | 0 | 1 | 0.00 | 0.00 |
| Literature - American | 0 | 3 | 0 | 0 | 30 | 57 | 86.00 | 1 | 2 | 0.00 | 0.00 |
| Religion | 0 | 3 | 0 | 0 | 30 | 46 | 63.67 | 0 | 2 | 0.00 | 0.00 |
| History - American | 0 | 3 | 0 | 0 | 30 | 62 | 75.33 | 0 | 2 | 0.00 | 0.00 |
| Current Events | 0 | 3 | 0 | 0 | 30 | 42 | 51.67 | 0 | 0 | 0.00 | 0.00 |
| Pop Culture | 0 | 2 | 0 | 0 | 20 | 49 | 58.00 | 0 | 1 | 0.00 | 0.00 |
| Philosophy | 0 | 2 | 0 | 0 | 20 | 69 | 83.00 | 0 | 1 | 0.00 | 0.00 |
| Mythology | 0 | 2 | 0 | 0 | 20 | 37 | 56.00 | 1 | 2 | 0.00 | 0.00 |
| Social Science | 0 | 2 | 1 | 1 | 15 | 92 | 98.00 | 0 | 0 | 0.00 | 0.00 |
| Literature - World | 0 | 2 | 1 | 1 | 15 | 111 | 115.00 | 0 | 0 | 0.00 | 0.00 |
| Science - Other | 0 | 2 | 1 | 1 | 15 | 48 | 75.00 | 0 | 1 | 0.00 | 0.00 |
| Science - Biology | 0 | 1 | 0 | 0 | 10 | 32 | 32.00 | 1 | 1 | 0.00 | 0.00 |
| Science - Chemistry | 0 | 1 | 0 | 0 | 10 | 82 | 82.00 | 0 | 0 | 0.00 | 0.00 |
| Fine Arts - Classical Music | 0 | 1 | 0 | 0 | 10 | 93 | 93.00 | 0 | 0 | 0.00 | 0.00 |
| Literature - European | 0 | 1 | 0 | 0 | 10 | 87 | 87.00 | 0 | 0 | 0.00 | 0.00 |
| Geography | 0 | 1 | 2 | 1 | 0 | 119 | 119.00 | 0 | 0 | 0.00 | 0.00 |
| Science - Physics | 0 | 0 | 2 | 0 | -10 | 0.00 | 0 | 0 | 0.00 | 0.00 |